000 00362nam a2200157Ia 4500
100 _aBarney/G.C
650 _aElectrical Engineering
942 _cBK
654 _aInstrumentation
245 _aIntelligent Instrumentation
260 _bPrentice Hall of India
_aNEW DELHI
_c1988
082 _a621.3
_bBar
300 _a532
546 _aENGLISH
999 _c30733
_d30733